000 00812nam a22001817a 4500
008 120426t xxu||||| |||| 00| 0 eng d
020 _a0471163708 9780471163701
050 _aHD62.15.En535
100 _aEndres, AL
245 _aImproving R & D performance the Juran way. /
_cAL, Endres
260 _aNew York :
_b John Wiley,
_c ©1997.
300 _axiv, 258 p. :
_b ill. ;
_c 24 cm.
500 _aIncludes index.
505 _aContents: How to think about R&D quality -- Organizing for quality in R&D -- Measuring R&D quality -- Assessing R&D quality status -- Interllectual property management process improvement -- Implementing quality in research : A case example-- Views and lessons learned at the top.
650 _aTotal quality management.
650 _aResearch, Industrial.
942 _2lcc
_cBK
999 _c774
_d8274